000
00305nam a22001337a 4500
008
181101b xxu||||| |||| 00| 0 eng d
020
_a
0443089884
041
_a
eng
080
_a
615.5
100
_a
7
101
_a
DER
245
_a
Principles And Practice Dermatology
_c
Sams.W M
942
_2
udc
_c
BK
999
_c
51408
_d
51408